Política de acessibilidade do Senado Federal : (Record no. 1540)

MARC details
000 -LÍDER
Campo Fixo de Controle 00851nam a2200217 a 4500
001 - NÚMERO DE CONTROLE
Campo de Controle 1540
003 - IDENTIFICAÇÃO DO NÚMERO DE CONTROLE
Campo de Controle BR-CuiBMT
005 - DATA E HORA DA ÚLTIMA ATUALIZAÇÃO
Campo de Controle 20231214220116.0
008 - DADOS FIXOS
Dados Fixos 231214s2013 dfb 000 0 por d
040 ## - AGÊNCIA CATALOGADORA
Código da Agência Catalogadora BR-CuiBMT
Agência que transcreveu o registro BR-CuiBMT
080 ## - Nº DA CLASSIFICAÇÃO DECIMAL UNIVERSAL
Nº Class. CDU 364.6-056.262:342.531
Nº edição CDU 2007
090 ## - NÚMERO DE CHAMADA
Complemento Braile
Nº classificação 364.6-056.262:342.531
Cutter B823p
110 1# - ENTRADA PRINCIPAL -- ENTIDADE
Nome da entidade ou lugar Brasil.
Unidade subordinada Congresso Nacional.
Local de realização do evento Senado Federal.
245 10 - TÍTULO PRINCIPAL
Título principal Política de acessibilidade do Senado Federal :
Subtítulo ato da comissão diretora nº 15, de 2013 /
Indicação de responsabilidade Senado Federal .
Meio (DGM) [braile]
260 ## - PUBLICAÇÃO, DISTRIBUIÇÃO, ETC.
Local de publicação Brasília :
Editora SEEP ,
Data 2013.
300 ## - DESCRIÇÃO FÍSICA
N. páginas ou volumes 7 p., [14] f. em braile
Dimensões 28 cm
500 ## - NOTAS GERAIS
Notas gerais Transcrição em Braile do texto publicado no Boletim Administrativo do Senado Federal, Seção II, no 5252, de 26 de junho de 2013.
650 ## - ASSUNTO TÓPICO
Cabeçalho tópico ou nome geográfico Acessibilidade
650 ## - ASSUNTO TÓPICO
Cabeçalho tópico ou nome geográfico Senado Federal
Subdivisão geral Regimento
Subdivisão geográfica Brasil
942 ## - ELEMENTOS DE ENTRADA ADICIONAIS (KOHA)
Fonte de classificação ou esquema de arquivamento Classificação Decimal Universal
Tipo de item do Koha Livros
Holdings
Estado: removido Estado: perdido Fonte de classificação ou esquema de arquivamento Estado: danificado Indisponível para empréstimo Localização permanente Localização atual Data de aquisição Total Checkouts Número de Chamada completo Código de barras Date last seen Número do exemplar Preço efetivo a partir de Tipo de item (Koha)
    Classificação Decimal Universal     Biblioteca da Escola Superior de Contas do TCE/MT Biblioteca da Escola Superior de Contas do TCE/MT 14/12/2023   Braile 364.6-056.262:342.531 B823p BIBTCEMT23120513 14/12/2023 Ex. 1 14/12/2023 Livros

Powered by Koha